Textbook of Educational Technology/Nursing Education for BSc Nursing Students (Record no. 366264)

MARC details
000 -LEADER
fixed length control field 00545nam a22001937a 4500
005 - DATE AND TIME OF LATEST TRANSACTION
control field 20260220102808.0
008 - FIXED-LENGTH DATA ELEMENTS--GENERAL INFORMATION
fixed length control field 250508b |||||||| |||| 00| 0 eng d
020 ## - INTERNATIONAL STANDARD BOOK NUMBER
International Standard Book Number 978-93-92242-91-5
041 ## - LANGUAGE CODE
Language code of text/sound track or separate title English
082 ## - DEWEY DECIMAL CLASSIFICATION NUMBER
Classification number AD 610.7 BAL DB1342
100 ## - MAIN ENTRY--PERSONAL NAME
Author Balasubramanian N.
245 ## - TITLE STATEMENT
Title Textbook of Educational Technology/Nursing Education for BSc Nursing Students
250 ## - EDITION STATEMENT
Edition statement 1st Edition
260 ## - PUBLICATION, DISTRIBUTION, ETC.
Name of publisher, distributor, etc. VHS Publishers
Date of publication, distribution, etc. 2023
Place of publication, distribution, etc. Punjab
300 ## - PHYSICAL DESCRIPTION
Extent 392p
365 ## - TRADE PRICE
Price amount Rs. 575.00
651 ## - SUBJECT ADDED ENTRY--GEOGRAPHIC NAME
Geographic name Nursing Education
942 ## - ADDED ENTRY ELEMENTS (KOHA)
Koha item type Donated Book
Holdings
Withdrawn status Lost status Source of classification or shelving scheme Damaged status Not for loan Home library Current library Date acquired Net Price Bill number Total Checkouts Total Renewals Full call number Barcode Date last seen Date last checked out Bill Date Koha item type Original Barcode Vendor Actual Price Date due
    Dewey Decimal Classification     Sitabai Nargundkar College of Nursing Nagpur Sitabai Nargundkar College of Nursing Nagpur 25/09/2025 416.50   1   610.7/BAL SNCN-BK-3596 16/10/2025 08/10/2025 25/09/2025 Books   108 595.00  
    Dewey Decimal Classification     Sitabai Nargundkar College of Nursing Nagpur Sitabai Nargundkar College of Nursing Nagpur 25/09/2025 416.50   6   610.7/BAL SNCN-BK-3595 13/05/2026 13/05/2026 25/09/2025 Books   108 595.00 28/05/2026
    Dewey Decimal Classification     Sitabai Nargundkar College of Nursing Nagpur Sitabai Nargundkar College of Nursing Nagpur 25/09/2025 416.50       610.7/BAL SNCN-BK-3597 25/09/2025   25/09/2025 Books   108 595.00  
    Dewey Decimal Classification     Sitabai Nargundkar College of Nursing Nagpur Sitabai Nargundkar College of Nursing Nagpur 25/09/2025 416.50   7   610.7/BAL SNCN-BK-3594 12/05/2026 26/02/2026 25/09/2025 Books   108 595.00  
    Dewey Decimal Classification     Sitabai Nargundkar College of Nursing Nagpur Sitabai Nargundkar College of Nursing Nagpur 25/09/2025 416.50   3   610.7/BAL SNCN-BK-3593 14/05/2026 17/02/2026 25/09/2025 Books   108 595.00  
    Dewey Decimal Classification     Smt. Bakul Tambat Institute of Nursing Education Smt. Bakul Tambat Institute of Nursing Education 04/06/2025 575.00 IK#2025-26#550 5 4 AD 610.7 BAL DB1342 BTIN-DB-1342 13/01/2026 24/12/2025 04/06/2025 Donated Book DB1342